000 00537 a2200205 4500
020 _a0684853299
040 _aDLC
_bDLC
082 0 0 _a823.914
100 1 _aMcCullough, Colleen,
245 1 0 _aMorgan's run
_cColleen McCullough.
260 _aLondon:
_bArrow Books,
_cc2000.
300 _a604 p. :
_bill., map ;
_c25 cm.
600 1 0 _aMorgan, Richard,
650 0 _aPenal colonies
650 0 _aEx-convicts
651 0 _aAustralia
655 7 _aBiographical fiction.
655 7 _aHistorical fiction.
942 _cBK
_k823.914 MCC
_2ddc
999 _c9593
_d9593